[Event "Odoev-ch"]
[Site "Odoev"]
[Date "2018.05.28"]
[Round "1"]
[White "Rzayev, Rashad"]
[Black "Karpov, Alexander N"]
[Result "1/2-1/2"]
[WhiteElo "2423"]
[BlackElo "2007"]
[PlyCount "35"]
[EventDate "2018.05.28"]
[EventType "swiss"]
[EventRounds "9"]
[EventCountry "RUS"]
[SourceTitle "EXT 2019"]
[Source "ChessBase"]
[SourceDate "2018.10.10"]
[SourceVersion "1"]
[SourceVersionDate "2018.10.10"]
[SourceQuality "1"]

1. e4 e6 2. d4 d5 3. exd5 exd5 4. Bd3 Bd6 5. Nf3 Bg4 6. 0-0 Ne7 7. Re1 Nbc6 8. c3 Qd7 9. Nbd2 0-0-0 10. b4 Ng6 11. Qa4 Kb8 12. Bb5 Rhe8 13. Ba3 Nf4 14. Ne5 Bxe5 15. Bxc6 Qxc6 16. Qxc6 bxc6 17. Rxe5 Rxe5 18. dxe5 1/2-1/2